[Event "Pyramiden Cup 2015"]
[Site "Fuerth"]
[Date "2015.09.05"]
[Round "3.59"]
[White "Paul, Arthur"]
[Black "Schulz, Siegfried"]
[Result "0-1"]
[WhiteElo "1509"]
[BlackElo "1928"]
[PlyCount "80"]
[EventDate "2015.??.??"]
[WhiteTeam "SW Nürnberg Süd"]
[BlackTeam "TSV Kirchenlaibach"]

1. e4 c5 2. Nf3 Nc6 3. d4 cxd4 4. Nxd4 e6 5. Nc3 Be7 6. Bc4 Nf6 7. Be3 O-O 8.
Qd2 Bb4 9. Bd3 d5 10. exd5 Nxd5 11. Bg5 Qa5 12. O-O Nxd4 13. Qd1 Nxc3 14. bxc3
Bxc3 15. Qg4 Bxa1 16. Rxa1 Qe5 17. Rd1 Bd7 18. Bf4 Qd5 19. Bh6 g6 20. Bxf8 Rxf8
21. Bxg6 fxg6 22. Rxd4 Qe5 23. Qd1 Bc6 24. h3 Qf6 25. Qd2 Kg7 26. c3 Qf5 27.
Qe2 e5 28. Rb4 Rf7 29. Qe3 a5 30. Rb2 Rd7 31. Re2 Rd1+ 32. Re1 Rxe1+ 33. Qxe1
Qe4 34. Qxe4 Bxe4 35. Kf1 Kf6 36. g3 Ke6 37. Ke2 Kd5 38. Ke3 Bb1 39. a3 Kc4 40.
Kd2 Kb3 0-1

[Event "Pyramiden Cup 2015"]
[Site "Fuerth"]
[Date "2015.09.05"]
[Round "3.60"]
[White "Cordts, Elof"]
[Black "Im Brook, Jens"]
[Result "1-0"]
[WhiteElo "1787"]
[BlackElo "1500"]
[PlyCount "60"]
[EventDate "2015.??.??"]
[WhiteTeam "SC Erlangen"]
[BlackTeam "SF Rot"]

1. c4 Nf6 2. Nc3 e6 3. Nf3 d5 4. cxd5 exd5 5. d4 c6 6. Bg5 Bf5 7. h3 Be7 8. e3
Nbd7 9. g4 Bg6 10. Nh4 Ne4 11. Bxe7 Qxe7 12. Nxg6 hxg6 13. Bd3 Ndf6 14. a3 Rh4
15. Nxe4 Nxe4 16. Qf3 O-O-O 17. Rc1 Rdh8 18. Bf1 Ng5 19. Qxd5 Nxh3 20. Qf3 Ng5
21. Rxc6+ bxc6 22. Qxc6+ Qc7 23. Ba6+ Kd8 24. Qd5+ Ke7 25. Rxh4 Qc1+ 26. Ke2
Qc2+ 27. Kf1 Ne4 28. Qe5+ Kd7 29. Bb5+ Kc8 30. Rxh8+ Kb7 1-0

[Event "Pyramiden Cup 2015"]
[Site "?"]
[Date "2015.09.05"]
[Round "4.1"]
[White "Kunin, Vitaly"]
[Black "Colpe, Malte"]
[Result "1-0"]
[WhiteElo "2563"]
[BlackElo "2367"]
[PlyCount "159"]
[EventDate "2015.??.??"]
[WhiteClock "0:03:54"]
[BlackClock "0:01:53"]

1. Nf3 d5 2. d4 Nf6 3. c4 c6 4. e3 Bf5 5. Nc3 e6 6. Nh4 Be4 7. f3 Bg6 8. Qb3
Qc7 9. Bd2 Be7 10. Nxg6 hxg6 11. g3 Nbd7 12. O-O-O a6 13. cxd5 cxd5 14. Kb1 Nb6
15. e4 Qc6 16. Bd3 Nc4 17. Bg5 b5 18. exd5 exd5 19. Rde1 Ra7 20. Bxc4 dxc4 21.
Qc2 O-O 22. Bxf6 Bxf6 23. d5 Qa8 24. h4 Bxc3 25. Qxc3 Qxd5 26. Re5 Qd6 27. h5
Rd7 28. hxg6 Qxg6+ 29. Ka1 Rfd8 30. Qe1 f6 31. Re3 Rd1+ 32. Qxd1 Rxd1+ 33. Rxd1
Qxg3 34. a3 a5 35. Rc3 Qe5 36. Ka2 Qe6 37. Rd4 Qb6 38. Re4 b4 39. axb4 axb4 40.
Rcxc4 b3+ 41. Ka3 Qd6+ 42. Rb4 Qa6+ 43. Ra4 Qd3 44. f4 Kf7 45. Red4 Qe3 46.
Rdc4 g5 47. fxg5 fxg5 48. Rc3 Qe6 49. Rac4 Qa6+ 50. Kxb3 Qb5+ 51. Ka2 Kg6 52.
b3 Kh5 53. Rc5 Qa6+ 54. Kb2 Kh4 55. R3c4+ g4 56. Rf5 Kh3 57. Rh5+ Kg3 58. Rc3+
Kg2 59. Re5 Qf6 60. Ree3 Kf1 61. Red3 Qf2+ 62. Rc2 Qf6+ 63. Kb1 Ke1 64. Re3+
Kf1 65. Rd3 Ke1 66. Rg3 Qb6 67. Rcc3 Qd4 68. Rc4 Qd5 69. Rg1+ Kf2 70. Rgxg4 Kf3
71. Rgd4 Qf5+ 72. Kb2 Qe5 73. Rc3+ Ke2 74. Rh4 Kd2 75. Rh2+ Kd1 76. Rg2 Qd4 77.
Rgg3 Qf2+ 78. Kb1 Qf5+ 79. Rcd3+ Ke2 80. Rge3+ 1-0

[Event "Pyramiden Cup 2015"]
[Site "?"]
[Date "2015.09.05"]
[Round "4.2"]
[White "Troyke, Christian"]
[Black "Krivoborodov, Egor"]
[Result "1/2-1/2"]
[WhiteElo "2344"]
[BlackElo "2518"]
[PlyCount "40"]
[EventDate "2015.??.??"]
[WhiteClock "0:48:51"]
[BlackClock "0:27:03"]

1. g3 g6 2. Bg2 Bg7 3. c4 Nf6 4. d4 O-O 5. e4 d6 6. Ne2 Nbd7 7. O-O e5 8. Nbc3
exd4 9. Nxd4 Re8 10. h3 Nc5 11. Re1 a5 12. Qc2 Ng4 13. Rd1 Ne5 14. b3 a4 15.
Rb1 axb3 16. axb3 Bd7 17. Be3 Qc8 18. Kh2 Ne6 19. Nxe6 Bxe6 20. Bd4 Nd7 1/2-1/2

[Event "Pyramiden Cup 2015"]
[Site "?"]
[Date "2015.09.05"]
[Round "4.3"]
[White "Ott, Florian"]
[Black "Ikonnikov, Vyacheslav"]
[Result "0-1"]
[WhiteElo "2273"]
[BlackElo "2518"]
[PlyCount "48"]
[EventDate "2015.??.??"]
[WhiteClock "0:33:58"]
[BlackClock "0:34:24"]

1. d4 Nf6 2. c4 e6 3. Nc3 Bb4 4. e3 O-O 5. Nge2 c6 6. a3 Ba5 7. Qc2 d5 8. Ng3
Nbd7 9. Be2 Bc7 10. O-O b6 11. Rd1 Bb7 12. cxd5 exd5 13. b4 Rc8 14. Qb3 Re8 15.
a4 a6 16. a5 b5 17. Bd3 Bxg3 18. hxg3 Ne4 19. Nxe4 dxe4 20. Be2 Nf6 21. d5 Nxd5
22. Ba3 Qg5 23. Rd4 Re6 24. Rc1 Rce8 0-1

[Event "Pyramiden Cup 2015"]
[Site "?"]
[Date "2015.09.05"]
[Round "4.4"]
[White "Milov, Leonid"]
[Black "Fischer, Johannes"]
[Result "1-0"]
[WhiteElo "2471"]
[BlackElo "2269"]
[PlyCount "65"]
[EventDate "2015.??.??"]
[TimeControl "6000+930"]
[WhiteClock "0:16:54"]
[BlackClock "0:39:08"]

1. e4 c5 2. Nf3 d6 3. d4 cxd4 4. Nxd4 Nf6 5. Nc3 a6 6. Be3 e5 7. Nb3 Be6 8. h3
Nbd7 9. g4 Nb6 10. g5 Nfd7 11. Qd2 Be7 12. O-O-O Qc7 13. Kb1 Rc8 14. h4 Nc4 15.
Bxc4 Qxc4 16. f3 Qc7 17. Qf2 O-O 18. h5 f5 19. gxf6 Nxf6 20. Qg2 Kh8 21. Rh2
Rf7 22. Bg5 Ng8 23. Be3 Nf6 24. Qg1 Nd7 25. h6 g6 26. Bg5 Bxg5 27. Qxg5 Nb6 28.
Rhd2 Nc4 29. Rxd6 Nxd6 30. Qxe5+ Kg8 31. Rxd6 Bxb3 32. axb3 Rxf3 33. Rd8+ 1-0

[Event "Pyramiden Cup 2015"]
[Site "?"]
[Date "2015.09.05"]
[Round "4.5"]
[White "Kveinys, Aloyzas"]
[Black "Reis, Gerhard"]
[Result "1-0"]
[WhiteElo "2485"]
[BlackElo "2197"]
[PlyCount "73"]
[EventDate "2015.??.??"]
[TimeControl "6000+1160"]
[WhiteClock "0:26:45"]
[BlackClock "0:01:04"]

1. d4 Nf6 2. c4 g6 3. Nf3 Bg7 4. g3 O-O 5. Bg2 d6 6. O-O Nc6 7. Nc3 a6 8. Bf4
Bf5 9. Rc1 Ne4 10. Nd5 Nf6 11. Re1 Be4 12. Nc3 Bxf3 13. exf3 e5 14. dxe5 Nh5
15. Be3 dxe5 16. Qxd8 Nxd8 17. f4 Ne6 18. fxe5 Bxe5 19. Rcd1 Bg7 20. Na4 c6 21.
Bb6 Nf6 22. b3 Rfe8 23. f4 Bf8 24. Bh3 Bb4 25. Re5 Nf8 26. Nc5 Bc3 27. Rxe8
Rxe8 28. Nxb7 Re2 29. a4 Ne4 30. Bg2 f5 31. Nd6 Nd2 32. Bxc6 Kg7 33. Ne8+ Kf7
34. Nc7 Kg7 35. Bf2 Ne4 36. Bxe4 fxe4 37. Nd5 1-0

[Event "Pyramiden Cup 2015"]
[Site "?"]
[Date "2015.09.05"]
[Round "4.6"]
[White "Mons, Leon"]
[Black "Beesk, Kevin"]
[Result "1-0"]
[WhiteElo "2464"]
[BlackElo "1921"]
[PlyCount "63"]
[EventDate "2015.??.??"]
[WhiteClock "0:23:37"]
[BlackClock "0:07:51"]

1. e4 c5 2. Nf3 e6 3. g3 Nc6 4. Bg2 Nf6 5. Qe2 Be7 6. e5 Nd5 7. Nc3 Nxc3 8.
dxc3 d6 9. exd6 Bxd6 10. Be3 Qc7 11. O-O-O O-O 12. Rd2 b5 13. Rhd1 Be7 14. Qxb5
Rb8 15. Qa4 Rb6 16. Kb1 e5 17. Ng5 h6 18. Ne4 Ra6 19. Qc4 Na5 20. Qd3 c4 21.
Qd5 Nb7 22. b4 cxb3 23. cxb3 Bf5 24. Qb5 Ra5 25. Rd7 Bxd7 26. Rxd7 Rxb5 27.
Rxc7 Bd8 28. Rd7 Na5 29. Nd6 a6 30. Nxb5 axb5 31. Bc5 Re8 32. Bd5 1-0

[Event "Pyramiden Cup 2015"]
[Site "?"]
[Date "2015.09.05"]
[Round "4.8"]
[White "Kannenberg, Karl-Heinz"]
[Black "Wenninger, Philipp"]
[Result "0-1"]
[WhiteElo "2220"]
[BlackElo "2249"]
[PlyCount "96"]
[EventDate "2015.??.??"]
[WhiteClock "0:07:04"]
[BlackClock "0:24:36"]

1. e4 c6 2. d4 d5 3. Nc3 dxe4 4. Nxe4 Bf5 5. Ng3 Bg6 6. h4 h6 7. Nf3 Nd7 8. h5
Bh7 9. Bd3 Bxd3 10. Qxd3 e6 11. Bd2 Ngf6 12. O-O-O Be7 13. Kb1 O-O 14. Ne4 Nxe4
15. Qxe4 Nf6 16. Qe2 Qd5 17. Be3 b5 18. Ne5 Rad8 19. g4 Nd7 20. f4 Nxe5 21.
dxe5 Qe4 22. Rde1 Rd5 23. Bc1 Qxe2 24. Rxe2 Rfd8 25. a3 Bc5 26. g5 Kh7 27. Rf1
Rd1 28. Ree1 Rxe1 29. Rxe1 Rd4 30. b4 Bb6 31. f5 hxg5 32. fxe6 fxe6 33. Bxg5
Rg4 34. Bc1 Rg1 35. Rxg1 Bxg1 36. Bf4 g6 37. h6 Bb6 38. Kb2 Bd8 39. a4 a6 40.
a5 g5 41. Be3 Be7 42. Kb3 Kxh6 43. c4 Kg6 44. cxb5 cxb5 45. Bc5 Bxc5 46. bxc5
Kf7 47. Kb4 Ke7 48. c6 Kd8 0-1

[Event "Pyramiden Cup 2015"]
[Site "?"]
[Date "2015.09.05"]
[Round "4.9"]
[White "Schunk, Eduard"]
[Black "Promyshlyanskyy, Vitaliy"]
[Result "1-0"]
[WhiteElo "2319"]
[BlackElo "2236"]
[PlyCount "97"]
[EventDate "2015.??.??"]
[WhiteClock "0:12:31"]
[BlackClock "0:03:17"]

1. e4 e5 2. Nf3 Nc6 3. Bb5 a6 4. Ba4 Nge7 5. c3 g6 6. h4 h6 7. h5 g5 8. d4 exd4
9. Nxd4 Bg7 10. Be3 Ne5 11. Qe2 b5 12. Bc2 c5 13. Nf3 Qc7 14. Nbd2 Ng4 15. Nf1
d6 16. Bd2 Be6 17. Ng3 Kf8 18. O-O Bf6 19. a4 Rb8 20. axb5 axb5 21. Ra6 Bc8 22.
Raa1 Kg7 23. Ne1 Bd7 24. f3 Ne5 25. f4 Ng4 26. e5 Nxe5 27. fxe5 Bxe5 28. Nf5+
Nxf5 29. Bxf5 Rhe8 30. Qg4 Bc6 31. Nf3 Bf6 32. Bc2 Re2 33. Bd3 Bd7 34. Qg3 Ree8
35. Nxg5 hxg5 36. Bxg5 Rg8 37. Rxf6 Bc6 38. Qxd6 Qxd6 39. Rxd6 c4 40. Rxc6 cxd3
41. Rd1 b4 42. Rxd3 bxc3 43. bxc3 Rb1+ 44. Kh2 Ra8 45. Rg3 Raa1 46. Bh6+ Kh8
47. Bg7+ Kg8 48. Rc8+ Kh7 49. Rh8# 1-0

[Event "Pyramiden Cup 2015"]
[Site "Fuerth"]
[Date "2015.09.04"]
[Round "4.10"]
[White "Eiber, Manfred"]
[Black "Moehn, Hans"]
[Result "1/2-1/2"]
[WhiteElo "2154"]
[BlackElo "2389"]
[PlyCount "115"]
[EventDate "2015.??.??"]
[WhiteTeam "SW Nürnberg Süd"]
[BlackTeam "USV TU Dresden"]

1. d4 e6 2. Nf3 c5 3. c4 Nf6 4. Nc3 cxd4 5. Nxd4 Bb4 6. Bd2 O-O 7. e3 Nc6 8.
Bd3 d5 9. Nxc6 bxc6 10. a3 Bd6 11. O-O Bb7 12. Qe2 c5 13. Rad1 a6 14. e4 dxe4
15. Nxe4 Nxe4 16. Bxe4 Bxh2+ 17. Kxh2 Qh4+ 18. Kg1 Bxe4 19. Ba5 Rfc8 20. f3 Bc6
21. Rd3 Rab8 22. b3 Qf4 23. Re1 Qf5 24. Red1 h5 25. Qf2 e5 26. Qg3 e4 27. Bc3
f6 28. fxe4 Bxe4 29. Rd7 Qg6 30. Qxg6 Bxg6 31. Ra7 Rd8 32. Rd5 Be4 33. Rxd8+
Rxd8 34. Rxa6 Rd3 35. Be1 Rxb3 36. Bf2 Rb1+ 37. Kh2 Rb2 38. Kg1 h4 39. Ra5 Bxg2
40. Kxg2 h3+ 41. Kxh3 Rxf2 42. Kg3 Rc2 43. Rxc5 Rc3+ 44. Kf4 Rxa3 45. Ke4 Kf7
46. Rc7+ Kg6 47. c5 f5+ 48. Ke5 Re3+ 49. Kd4 Re1 50. Rc8 Kg5 51. c6 Rc1 52. Kd5
Kg4 53. c7 f4 54. Kd6 f3 55. Rf8 Kg3 56. Rg8 Rd1+ 57. Ke7 Re1+ 58. Kd7 1/2-1/2

[Event "Pyramiden Cup 2015"]
[Site "Fuerth"]
[Date "2015.09.04"]
[Round "4.11"]
[White "Turner, Radek"]
[Black "Miller, Eduard"]
[Result "0-1"]
[WhiteElo "2080"]
[BlackElo "2245"]
[PlyCount "94"]
[EventDate "2015.??.??"]
[WhiteTeam "TS Regensburger"]
[BlackTeam "SC Erlangen"]

1. c4 Nf6 2. g3 c5 3. Bg2 Nc6 4. Nc3 d6 5. d3 g6 6. e4 h5 7. h3 Bg7 8. Nge2 a6
9. Rb1 Rb8 10. f4 Bd7 11. O-O b5 12. Be3 Qc8 13. cxb5 axb5 14. e5 dxe5 15. fxe5
Nxe5 16. Bf4 Nh7 17. d4 cxd4 18. Ne4 d3 19. Rc1 Qa6 20. N2c3 Qb6+ 21. Nf2 Bc6
22. Nd5 Bxd5 23. Bxd5 Rd8 24. Bxe5 Bxe5 25. Qxd3 Nf6 26. Bc6+ Kf8 27. Qxb5 Qe3
28. Qb3 Qxb3 29. axb3 Bxg3 30. Ne4 Nxe4 31. Bxe4 Kg7 32. Rc2 Rd4 33. Bc6 h4 34.
Bb5 Rhd8 35. Bc4 f5 36. Re2 e5 37. Ra1 Rd1+ 38. Rxd1 Rxd1+ 39. Kg2 e4 40. b4
Kf6 41. b5 Ke5 42. Bb3 Rd4 43. Rc2 f4 44. Rc5+ Kf6 45. Rc6+ Kg7 46. Bc2 Rd2+
47. Kf1 e3 0-1

[Event "Pyramiden Cup 2015"]
[Site "Fuerth"]
[Date "2015.09.04"]
[Round "4.12"]
[White "Loew, Gerald"]
[Black "Meulner, Klaus"]
[Result "1-0"]
[WhiteElo "2273"]
[BlackElo "2134"]
[PlyCount "79"]
[EventDate "2015.??.??"]
[WhiteTeam "TSV Bindlach"]
[BlackTeam "SW Nürnberg Süd"]

1. c4 b6 2. Nc3 Bb7 3. e4 e6 4. Nge2 Nf6 5. d3 c5 6. g3 Be7 7. Bg2 a6 8. O-O
Qc7 9. h3 d6 10. Be3 Nbd7 11. Rc1 O-O 12. f4 Rfe8 13. g4 h6 14. Qe1 Nh7 15. Qg3
b5 16. h4 b4 17. Nd1 f5 18. g5 h5 19. exf5 exf5 20. g6 Nhf8 21. Bh3 Qd8 22.
Bxf5 Nf6 23. Nf2 d5 24. Qh3 d4 25. Bd2 Ng4 26. Nxg4 hxg4 27. Qxg4 Bxh4 28. Ng3
Bxg3 29. Qxg3 Qf6 30. Qg4 Re2 31. Rf2 Rae8 32. Kf1 Qc6 33. Rxe2 Qh1+ 34. Qg1
Qf3+ 35. Rf2 Qh5 36. Be4 Rxe4 37. dxe4 Bxe4 38. Qg3 Nxg6 39. Rh2 Qf5 40. Qg5
1-0

[Event "Pyramiden Cup 2015"]
[Site "Fuerth"]
[Date "2015.09.04"]
[Round "4.13"]
[White "Niedermeier, Thomas"]
[Black "Grafe, Wilhelm"]
[Result "1-0"]
[WhiteElo "2226"]
[BlackElo "2168"]
[PlyCount "73"]
[EventDate "2015.??.??"]
[WhiteTeam "SG Pang-Rosenheim"]
[BlackTeam "SC NT Nürnberg"]

1. e4 Nf6 2. e5 Nd5 3. d4 d6 4. c4 Nb6 5. exd6 cxd6 6. Nc3 g6 7. Be3 Bg7 8. Rc1
Nc6 9. b3 O-O 10. d5 Ne5 11. Be2 f5 12. f4 Nf7 13. Nf3 e5 14. dxe6 Bxe6 15. O-O
Re8 16. Bf2 a6 17. Nd4 Bd7 18. Bf3 Rb8 19. a4 Nc8 20. Re1 Ne7 21. Ne6 Bxe6 22.
Rxe6 Qd7 23. Re2 Kf8 24. Rd2 Qc7 25. g3 Qa5 26. Nd5 Nxd5 27. Rxd5 Qb4 28. c5
Rbd8 29. cxd6 Rd7 30. Bc5 Qa5 31. b4 Qd8 32. a5 Bb2 33. Rc2 Qf6 34. Re2 Re6 35.
Rxe6 Qxe6 36. Rd2 Bf6 37. Bd4 1-0

[Event "Pyramiden Cup 2015"]
[Site "Fuerth"]
[Date "2015.09.04"]
[Round "4.14"]
[White "Bildt, Maximilian"]
[Black "Dorst, Johannes"]
[Result "0-1"]
[WhiteElo "1976"]
[BlackElo "2223"]
[PlyCount "60"]
[EventDate "2015.??.??"]
[WhiteTeam "SK Zirndorf"]
[BlackTeam "SK Marburg"]

1. e4 e6 2. d4 d5 3. Nc3 Bb4 4. e5 c5 5. a3 Bxc3+ 6. bxc3 Ne7 7. Qg4 Qc7 8.
Qxg7 Rg8 9. Qxh7 cxd4 10. Ne2 Nbc6 11. f4 dxc3 12. Be3 Bd7 13. Qd3 Nf5 14. g3
O-O-O 15. Bg2 Kb8 16. Nd4 Ncxd4 17. Bxd4 Rc8 18. O-O a6 19. Rfb1 Bb5 20. Qd1
Qa5 21. a4 Nxd4 22. axb5 Qb6 23. bxa6 Ne2+ 24. Kh1 Qf2 25. Qf1 Nxg3+ 26. hxg3
Rh8+ 27. Bh3 Qxg3 28. axb7 Rxh3+ 29. Qxh3 Qxh3+ 30. Kg1 Rg8+ 0-1

[Event "Pyramiden Cup 2015"]
[Site "Fuerth"]
[Date "2015.09.04"]
[Round "4.15"]
[White "Heimrath, Reiner"]
[Black "Brem, Stephan"]
[Result "0-1"]
[WhiteElo "2191"]
[BlackElo "2063"]
[PlyCount "97"]
[EventDate "2015.??.??"]
[WhiteTeam "SC Noris-Tarrasch Nürnberg"]
[BlackTeam "SU Ebersberg-Grafing"]

1. Nf3 d6 2. g3 e5 3. d3 f5 4. c4 Nf6 5. Nc3 Be7 6. Bg2 O-O 7. Rb1 a5 8. a3 Qe8
9. b4 axb4 10. axb4 Na6 11. O-O Qh5 12. Qc2 Rb8 13. Bg5 Kh8 14. Bxf6 Bxf6 15.
e3 g5 16. Nd2 f4 17. Nce4 Bh3 18. exf4 gxf4 19. Qd1 Bg4 20. Bf3 Bxf3 21. Qxf3
Qh6 22. Qe2 Rbd8 23. Nxf6 Rxf6 24. f3 fxg3 25. hxg3 Rg6 26. Ne4 c6 27. g4 d5
28. cxd5 cxd5 29. Ng3 Qf4 30. Kg2 Nc7 31. Rfe1 Re8 32. Qe3 Qf7 33. b5 d4 34.
Qe4 Nd5 35. Rbc1 Ne3+ 36. Rxe3 dxe3 37. Qxe3 Qd5 38. Rc5 Qd4 39. Qc1 Qxd3 40.
Nh5 Qe2+ 41. Kg3 Qd3 42. Qb2 Qe3 43. Rc1 h6 44. Kg2 Rd8 45. Rc2 Rgd6 46. Ng3
Rd1 47. Qb4 Qg5 48. Re2 R1d2 49. Kf2 0-1

[Event "Pyramiden Cup 2015"]
[Site "Fuerth"]
[Date "2015.09.04"]
[Round "4.16"]
[White "Saathoff, Richard"]
[Black "Knoblauch, Leonhard"]
[Result "1/2-1/2"]
[WhiteElo "2106"]
[BlackElo "2177"]
[PlyCount "96"]
[EventDate "2015.??.??"]
[WhiteTeam "SW Nürnberg Süd"]
[BlackTeam "SV Ilmmünster"]

1. e4 c6 2. d4 d5 3. exd5 cxd5 4. c4 Nf6 5. Nc3 Nc6 6. Bg5 dxc4 7. Bxc4 h6 8.
Bh4 Qxd4 9. Qxd4 Nxd4 10. O-O-O e5 11. f4 Bg4 12. Nf3 Bxf3 13. gxf3 Rc8 14. Bd3
exf4 15. Rhe1+ Be7 16. Bxf6 gxf6 17. Kb1 Nxf3 18. Re4 Ne5 19. Bb5+ Kf8 20. Rxf4
Rd8 21. Rdf1 a6 22. Ba4 Ng6 23. R4f2 Rd4 24. Bb3 Nh4 25. Nd5 f5 26. Ne3 Bg5 27.
Nxf5 Nxf5 28. Rxf5 f6 29. Rc5 Ke7 30. Rc7+ Rd7 31. Rc4 Rf8 32. h4 Bd2 33. Re4+
Kd8 34. Be6 Rd6 35. Bf5 Re8 36. Rxe8+ Kxe8 37. Bg6+ Kd7 38. Rd1 Ke6 39. Kc2 Bf4
40. Rxd6+ Bxd6 41. Be4 b6 42. Kd2 Ke5 43. Bd3 a5 44. Ke3 Bc5+ 45. Kf3 a4 46.
Bb5 a3 47. bxa3 Bxa3 48. h5 f5 1/2-1/2

[Event "Pyramiden Cup 2015"]
[Site "Fuerth"]
[Date "2015.09.04"]
[Round "4.17"]
[White "Walter, Florian"]
[Black "Kroneder, Christian"]
[Result "1/2-1/2"]
[WhiteElo "2160"]
[BlackElo "2045"]
[PlyCount "35"]
[EventDate "2015.??.??"]
[WhiteTeam "SC NT Nürnberg"]
[BlackTeam "SK Schwanstetten"]

1. c4 c6 2. g3 d5 3. Bg2 Nf6 4. Nf3 e6 5. O-O Nbd7 6. b3 Be7 7. Bb2 O-O 8. d3
b6 9. Nc3 Bb7 10. Rc1 Rc8 11. e3 c5 12. cxd5 Nxd5 13. Nxd5 Bxd5 14. Qe2 Bf6 15.
Rfd1 Bxb2 16. Qxb2 Qf6 17. Qxf6 Nxf6 18. Ne5 1/2-1/2

[Event "Pyramiden Cup 2015"]
[Site "Fuerth"]
[Date "2015.09.04"]
[Round "4.18"]
[White "Diller, Peter"]
[Black "Wagner, Florian"]
[Result "0-1"]
[WhiteElo "2053"]
[BlackElo "2145"]
[PlyCount "108"]
[EventDate "2015.??.??"]
[WhiteTeam "SK Rothenburg"]
[BlackTeam "SC NT Nürnberg"]

1. e4 c5 2. f4 d5 3. e5 Nc6 4. Nf3 h5 5. c3 Nh6 6. d4 cxd4 7. cxd4 Bf5 8. Nc3
e6 9. Qb3 Qd7 10. Be2 Be4 11. Bb5 Bxf3 12. gxf3 Nf5 13. Ne2 a6 14. Bxc6 Qxc6
15. Bd2 Be7 16. O-O a5 17. Qd3 Qa6 18. Qxa6 Rxa6 19. Rac1 Kd7 20. Rc2 Rb8 21.
Rfc1 Bd8 22. Kf2 b5 23. Be3 g6 24. Ng3 Ne7 25. Ke2 b4 26. b3 a4 27. Nf1 axb3
28. axb3 Bb6 29. Kd3 Ra3 30. Rb1 Nc6 31. Ng3 Na5 32. Rcb2 Rc8 33. Bd2 Nc4 34.
Rc2 Nxd2 35. Kxd2 Bxd4 36. Rxc8 Kxc8 37. Kd3 Bb6 38. Kc2 Be3 39. Ne2 Ra2+ 40.
Rb2 Ra1 41. Kd3 Bb6 42. Ng3 Kd7 43. Rd2 h4 44. Ne2 Rf1 45. Nd4 Bxd4 46. Kxd4
Rxf3 47. Ra2 Rxb3 48. Ra7+ Ke8 49. Kc5 Kf8 50. Rb7 Rc3+ 51. Kd6 Rc4 52. h3 Rxf4
53. Rb8+ Kg7 54. Ke7 g5 0-1

[Event "Pyramiden Cup 2015"]
[Site "Fuerth"]
[Date "2015.09.04"]
[Round "4.19"]
[White "Seitner, Ralf"]
[Black "Bunk, Karsten"]
[Result "1/2-1/2"]
[WhiteElo "2080"]
[BlackElo "2090"]
[PlyCount "66"]
[EventDate "2015.??.??"]
[WhiteTeam "SK Ingolstadt"]
[BlackTeam "SW Nürnberg Süd"]

1. d4 g6 2. c4 Bg7 3. e4 d6 4. Nc3 e5 5. dxe5 dxe5 6. Qxd8+ Kxd8 7. f4 c6 8.
fxe5 Bxe5 9. Nf3 Bg7 10. Bf4 Be6 11. Ng5 Nd7 12. Be2 h6 13. Nxe6+ fxe6 14. O-O
e5 15. Be3 Ke7 16. Rad1 Ngf6 17. Na4 b6 18. b3 Rhd8 19. Nc3 Nf8 20. Rxd8 Rxd8
21. Rd1 Rxd1+ 22. Bxd1 Ne6 23. Bf3 h5 24. Kf1 Kd7 25. Ne2 Bf8 26. Nc1 Bc5 27.
Bd2 a5 28. Nd3 Bd4 29. h3 Kd6 30. a3 Nd7 31. b4 a4 32. Bd1 Nf6 33. Bf3 b5
1/2-1/2

[Event "Pyramiden Cup 2015"]
[Site "Fuerth"]
[Date "2015.09.04"]
[Round "4.20"]
[White "Bitter, Frank"]
[Black "Sailer, Wolfgang"]
[Result "0-1"]
[WhiteElo "1914"]
[BlackElo "2127"]
[PlyCount "66"]
[EventDate "2015.??.??"]
[WhiteTeam "SC WD Ulm"]
[BlackTeam "SK Ingolstadt"]

1. d4 Nf6 2. c4 c5 3. d5 b5 4. cxb5 a6 5. bxa6 g6 6. Nc3 Bxa6 7. e4 Bxf1 8.
Kxf1 d6 9. g3 Bg7 10. Kg2 O-O 11. Nf3 Nbd7 12. Qe2 Qa5 13. Re1 Rfb8 14. e5 Nxe5
15. Nxe5 dxe5 16. Qxe5 c4 17. Rd1 e6 18. Bf4 Nxd5 19. Qe4 Nxf4+ 20. Qxf4 Rxb2
21. Ne4 Qf5 22. Qe3 Qg4 23. h3 Qe2 24. Qf4 f5 25. Re1 e5 26. Qg5 Qc2 27. Rac1
Qa4 28. Nc3 Qc6+ 29. Kg1 Qc5 30. Rf1 e4 31. g4 Qf8 32. Qh4 Rd8 33. Rfd1 Bf6 0-1

[Event "Pyramiden Cup 2015"]
[Site "Fuerth"]
[Date "2015.09.04"]
[Round "4.21"]
[White "Redzepovic, Irfan"]
[Black "Mehringer, Joerg"]
[Result "1-0"]
[WhiteElo "2139"]
[BlackElo "1945"]
[PlyCount "117"]
[EventDate "2015.??.??"]
[WhiteTeam "SW Nürnberg Süd"]
[BlackTeam "Schachpinguine Berlin"]

1. d4 Nf6 2. Nf3 g6 3. c4 Bg7 4. Nc3 O-O 5. e4 d6 6. Be2 Na6 7. O-O e5 8. dxe5
dxe5 9. Qxd8 Rxd8 10. Bg5 Re8 11. h3 c6 12. Be3 Bf8 13. a3 Nc5 14. Bxc5 Bxc5
15. Rfd1 Nh5 16. b4 Bf8 17. c5 Nf4 18. Bf1 f6 19. Kh2 Be6 20. g3 Nh5 21. Nd2
Red8 22. Nc4 Ng7 23. Na5 Rxd1 24. Rxd1 Rb8 25. Nb1 Kf7 26. Nd2 Be7 27. Ndc4 Ne8
28. f4 exf4 29. gxf4 h6 30. Kg3 Kf8 31. Be2 Kf7 32. Ne3 Ng7 33. Rf1 Bd8 34. f5
Bc7+ 35. Kg2 gxf5 36. exf5 Bd7 37. Nb3 Re8 38. Bc4+ Ke7 39. Nd4 Kd8 40. Ng4 Re4
41. Rd1 Ke7 42. Nxh6 Kf8 43. Bb3 Re3 44. Ng4 Rg3+ 45. Kf2 Nxf5 46. Ne2 Rxb3 47.
Rxd7 Be5 48. Nxe5 fxe5 49. Rxb7 Rxa3 50. h4 Nxh4 51. b5 cxb5 52. c6 Nf5 53.
Rxb5 Ne7 54. c7 Ke8 55. Rxe5 Kd7 56. Rxe7+ Kc8 57. Nd4 Rc3 58. Nb5 Rc2+ 59. Ke3
1-0

[Event "Pyramiden Cup 2015"]
[Site "Fuerth"]
[Date "2015.09.04"]
[Round "4.22"]
[White "Kuespert, Helmut"]
[Black "Lodes, Hermann"]
[Result "0-1"]
[WhiteElo "1934"]
[BlackElo "2129"]
[PlyCount "100"]
[EventDate "2015.??.??"]
[WhiteTeam "1.FC Marktleuthen"]
[BlackTeam "vereinslos"]

1. e4 c6 2. d4 d5 3. Nc3 dxe4 4. f3 exf3 5. Nxf3 Bg4 6. h3 Bxf3 7. Qxf3 e6 8.
Bd3 Qh4+ 9. g3 Qxd4 10. Rf1 Nf6 11. Be3 Qd8 12. O-O-O Nbd7 13. g4 h6 14. Qg3
Qa5 15. h4 Bb4 16. g5 Bxc3 17. bxc3 hxg5 18. hxg5 Nh5 19. Qf2 Ne5 20. Bd4 O-O-O
21. Be2 Qxa2 22. Kd2 c5 23. Ra1 Qd5 24. Rxa7 cxd4 25. cxd4 Qxd4+ 26. Qxd4 Rxd4+
27. Ke3 Kb8 28. Rfa1 Rdd8 29. Ra8+ Kc7 30. Rxd8 Rxd8 31. Bxh5 Nc4+ 32. Ke4 Rd5
33. Be2 Nd6+ 34. Kf4 Rd4+ 35. Ke3 Nf5+ 36. Kf3 g6 37. Bd3 e5 38. Ra5 Rf4+ 39.
Ke2 e4 40. Bc4 Nd6 41. Bb3 Rf5 42. Rxf5 gxf5 43. Ke3 Kd7 44. c3 Ke7 45. Bd5 f6
46. gxf6+ Kxf6 47. Kf4 b6 48. c4 Nc8 49. Bc6 Ne7 50. Bd7 Ng6+ 0-1

[Event "Pyramiden Cup 2015"]
[Site "Fuerth"]
[Date "2015.09.04"]
[Round "4.23"]
[White "Mix, Thomas"]
[Black "Hornung, Hans"]
[Result "0-1"]
[WhiteElo "1949"]
[BlackElo "2106"]
[PlyCount "66"]
[EventDate "2015.??.??"]
[WhiteTeam "SF Brannenburg"]
[BlackTeam "SK Klosterlechfeld"]

1. d4 d6 2. c4 e5 3. dxe5 dxe5 4. Qxd8+ Kxd8 5. Nc3 c6 6. e4 Nd7 7. f4 Ngf6 8.
fxe5 Nxe5 9. Bf4 Nfd7 10. Nf3 Bd6 11. O-O-O Nd3+ 12. Rxd3 Bxf4+ 13. Kc2 Ke7 14.
g3 Bc7 15. Be2 Ne5 16. Nxe5 Bxe5 17. Rhd1 Be6 18. b3 h5 19. Bf3 h4 20. Ne2 hxg3
21. hxg3 Rh2 22. R3d2 Rah8 23. Nf4 Bc8 24. Rxh2 Rxh2+ 25. Rd2 Rh8 26. Kd3 g5
27. Ne2 Rh3 28. Ke3 Bxg3 29. Nxg3 Rxg3 30. Rg2 Rxg2 31. Bxg2 Kd6 32. b4 c5 33.
a3 b6 0-1

[Event "Pyramiden Cup 2015"]
[Site "Fuerth"]
[Date "2015.09.04"]
[Round "4.24"]
[White "Kahlert, Thomas"]
[Black "Schober, Ralf"]
[Result "1/2-1/2"]
[WhiteElo "2178"]
[BlackElo "2019"]
[PlyCount "52"]
[EventDate "2015.??.??"]
[WhiteTeam "SK Norderstedt"]
[BlackTeam "SV Sundern"]

1. Nf3 Nf6 2. c4 e6 3. Nc3 b6 4. e4 Bb7 5. Qe2 d6 6. g3 Be7 7. Bg2 c5 8. d4 Nc6
9. d5 Nd4 10. Nxd4 cxd4 11. Nb5 e5 12. f4 a6 13. Na3 Nd7 14. O-O O-O 15. Bd2 a5
16. Rf3 Bf6 17. Raf1 Ba6 18. Bc1 Nc5 19. b3 Qe7 20. f5 Rfb8 21. h4 Ra7 22. Re1
Kf8 23. Bf1 Ke8 24. Rf2 Kd7 25. Qh5 Raa8 26. Qf3 Kc7 1/2-1/2

[Event "Pyramiden Cup 2015"]
[Site "Fuerth"]
[Date "2015.09.04"]
[Round "4.25"]
[White "Tong, Kevin"]
[Black "Goldsworthy, Patrick"]
[Result "0-1"]
[WhiteElo "2021"]
[BlackElo "2097"]
[PlyCount "56"]
[EventDate "2015.??.??"]
[WhiteTeam "SC Erlangen"]
[BlackTeam "SG Siemens Erlangen"]

1. e4 d5 2. exd5 Qxd5 3. Nc3 Qd8 4. d4 g6 5. Bc4 Bg7 6. Nf3 Nh6 7. O-O O-O 8.
Ne4 Nf5 9. c3 Nd6 10. Nxd6 cxd6 11. Re1 d5 12. Bd3 Nd7 13. Bf4 Nf6 14. Qd2 Bd7
15. a3 Re8 16. Ne5 Qc8 17. Nxd7 Qxd7 18. Qe2 a6 19. Be5 Rac8 20. h3 Nh5 21.
Bxg7 Nxg7 22. Qf3 Rc6 23. Re5 Rd8 24. Rae1 Re6 25. Rxe6 Nxe6 26. Re5 Ng7 27.
Qe3 e6 28. h4 f6 0-1